000 01356 a2200229 4500
001 60381
005 20260407155854.0
008 260407a2007 arg spa d
003 AR-UNSa-BCEJYS
040 _aAR-UNSa-BCEJYS
_bspa
_cAR-UNSa-BCEJYS
080 _a657:338.58
_xContabilidad Social y Ambiental
245 1 0 _aContabilidad socio-ambiental en entidades que aplican la metodología Grameen
_pUna experiencia de extensión en la Asociación Barrios del Plata
020 _a978-950-34-0444-7
264 1 _aLa Plata :
_b(EDULP) Editorial de la Universidad Nacional de la Plata
_c2007
300 _a175 p.
505 _a1. Contabilidad socio-ambiental - 2. La denominada "Metodología Graamen" - 3. Un caso testigo: Asociación civil "Barrios del Plata" - 4. Modelo de informe contable socio-ambiental para entidades que aplican la "Metodología Graamen" - 5. Reflexiones sobre la experiencia de aplicación del modelo de Balance Social - 6. Proyecto de extensión universitaria "Préstamos solidarios para la recuperación de la dignidad" - 7. Actividades desarrolladas por la Facultad de Ciencias Económicas UNLP - 8. Actividades desarrolladas por la Facultad de Ciencias Médicas UNLP
041 _aspa
942 _cBK
590 _aniveau_biblio:m niveau_hierar:0
100 1 _aFernández Lorenzo, Liliana E.
700 1 _aGeba, Norma Beatriz
999 _c6950
_d6950